000 00181 a2200085 4500
041 _aspa
100 _aAguilar, Rosario
245 _aLa niਠblanca y los pajaros sin pies
942 _cBK
999 _c3962
_d3962